Model oceňovania cenných papierov arbitrážou Príloha

Faktory rizík a výnosnosti investícií do cenných papierov. Analýza kapitálového trhu. Zámena trhového rizika beta za spoločné beta. Minimalizácia nefaktorových rizík. Príklad.

Salvato in:
Dettagli Bibliografici
Autore principale: Sikela, R.
Natura: Capitolo di libro
Lingua:slovacco
Soggetti:
Tags: Aggiungi Tag
Nessun Tag, puoi essere il primo ad aggiungerne!!

MARC

LEADER 00000naa a2200000 4500
001 r021097
005 20251104124034.9
041 0 |a slo 
044 |a SK 
245 1 0 |a Model oceňovania cenných papierov arbitrážou  |b Príloha  |c R. Sikela 
520 |a Faktory rizík a výnosnosti investícií do cenných papierov. Analýza kapitálového trhu. Zámena trhového rizika beta za spoločné beta. Minimalizácia nefaktorových rizík. Príklad. 
610 2 0 |a trh kapitálový 
610 2 0 |a papiere cenné 
610 2 0 |a investície 
610 2 0 |a riziko 
610 2 0 |a akcie 
610 2 0 |a obchody burzové 
100 1 |a Sikela, R.